000 01060nam2a22002411 4500
001 rc\2253502
005 20250623100349.0
035 _a(NLR Aleph) 006713595
090 _a5368767
_c5368767
100 _a20110829d1978 |||y0rusy50 ca
101 1 _arus
_carm
102 _aRU
105 _aac z |||a|
200 1 _aСтихи
210 _d1978
_aБ. м.
215 _a438 с., 1 л. портр.
_cил.
461 0 _1001rc\2253501
_12001#$aИзбранные произведения$eВ 2 т.$eПер. с арм.$fСильва Капутикян$g[Вступ. статья С. Рассадина]$vТ. 1
_1700#1$aКапутикян$bС. Б.$f1919-2006$gСильва Барунаковна$3RU\NLR\AUTH\7735585
_95368758
_aКапутикян, С. Б. (1919-2006)
_cМосква
_d1978-
_fСильва Капутикян
_nХудож. лит.
_oВ 2 т. : Пер. с арм.
_tИзбранные произведения
_vТ. 1
801 0 _aRU
_bNLR
_gpsbo
801 1 _aRU
_bELAR
_2rusmarc
852 _aNLR
_j79-3/2436
942 _cBOOK
980 _aNB